Los ministros de la Audiencia de Lima en el reinado de los borbones 1700-1821: esquema de un estudio sobre un núcleo dirigente

Shranjeno v:
Bibliografske podrobnosti
Glavni avtor: Lohmann Villena, Guillermo (autor)
Format: Knjiga
Jezik:španščina
Izdano: Sevilla Escuela de Estudios Hispano-Americanos 1974
Teme:
Oznake: Označite
Brez oznak, prvi označite!

MARC

LEADER 00000nam a2200000 a 4500
001 UCR0580
003 CL-VaPUC
008 971205e19740000SP |||||||||||||||||spa|d
082 0 4 |a 985.03  |b LOH  |2 21 
100 |a Lohmann Villena, Guillermo  |e autor  |9 478240 
245 1 4 |a Los ministros de la Audiencia de Lima en el reinado de los borbones 1700-1821: esquema de un estudio sobre un núcleo dirigente 
300 |a 200 p 
942 |c BK 
945 |d 19971205 00:00:00  |a cmena 
260 |a Sevilla  |b Escuela de Estudios Hispano-Americanos  |c 1974 
650 7 |a HISTORIA PERUANA SIGLO 18  |2 CL-VaPUC  |9 396300 
650 7 |a HISTORIA PERUANA SIGLO 19  |2 CL-VaPUC  |9 396429 
650 7 |a MINISTROS DE GOBIERNO  |2 CL-VaPUC  |9 328822 
650 0 |a Derecho Indiano  |9 256266 
650 0 |a Epoca colonial   |9 352022 
650 0 |a Estado y derecho  |9 255403 
650 0 |a Administración pública   |9 255343 
651 0 |a Perú  |9 256567 
583 |a last modification  |c 19971205 00:00:00  |k Rodrigo Vera 
999 |c 264080  |d 264078 
952 |0 0  |1 0  |4 0  |6 985_030000000000000_LOH_1974  |7 0  |8 DER_HDC  |9 293683  |a BIBDER  |b BIBDER  |d 2019-11-19  |i 1914022  |o 985.03 LOH 1974  |p 1914022  |r 2023-01-25  |w 2019-11-19  |x Ubicación 4to Piso  |y BK  |z Estos recursos deben solicitarse con anticipación  |k DER